Von 50 in 15 Sekunden rückwärts zählen - Statistiken

Allgemein
  • Dieses Quiz wurde 1.740 mal gespielt
  • Das Durchschnittsergebnis liegt bei 16 aus 50
Antwortstatistiken
Number % Korrekt
50
100%
49
97%
48
96%
47
95%
46
94%
45
93%
44
92%
43
90%
42
89%
41
86%
40
73%
39
67%
38
65%
37
62%
36
58%
35
55%
34
52%
33
43%
32
39%
31
35%
30
27%
29
21%
28
18%
27
15%
26
12%
25
11%
24
10%
23
8%
22
5%
21
4%
20
3%
19
2%
1
1%
10
1%
11
1%
12
1%
13
1%
14
1%
15
1%
16
1%
17
1%
18
1%
2
1%
3
1%
4
1%
5
1%
6
1%
7
1%
8
1%
9
1%
Keine übereinstimmenden Quizze gefunden
Verteilung der Resultate
Anzahl Personen mit jedem Resultat
Perzentil nach korrekt beantworteten Fragen
Ihre Resultats-Entwicklung
Sie haben dieses Quiz noch nicht gespielt